The bombing of Pearl Harbor, 1941 / (Record no. 2563)

MARC details
000 -LEADER
fixed length control field 01371cam a2200349 a 4500
005 - DATE AND TIME OF LATEST TRANSACTION
control field 20240207102428.0
020 ## - INTERNATIONAL STANDARD BOOK NUMBER
International Standard Book Number 9780545206983 (pbk.)
020 ## - INTERNATIONAL STANDARD BOOK NUMBER
International Standard Book Number 0545206987
020 ## - INTERNATIONAL STANDARD BOOK NUMBER
International Standard Book Number 9780545206914 (hbk.)
020 ## - INTERNATIONAL STANDARD BOOK NUMBER
International Standard Book Number 054520691X (hbk.)
040 ## - CATALOGING SOURCE
Original cataloging agency BTCTA
Language of cataloging eng
Transcribing agency BTCTA
Modifying agency GO3
-- UPZ
-- IH7
-- JO6
-- YDXCP
-- BDX
-- DLC
050 00 - LIBRARY OF CONGRESS CALL NUMBER
Classification number PZ7.T211115
Item number Bom 2011
082 00 - DEWEY DECIMAL CLASSIFICATION NUMBER
Classification number 813.6
Edition number 23
100 1# - MAIN ENTRY--PERSONAL NAME
Personal name Tarshis, Lauren
245 14 - TITLE STATEMENT
Title The bombing of Pearl Harbor, 1941 /
Statement of responsibility, etc. by Lauren Tarshis ; illustrated by Scott Dawson
246 3# - VARYING FORM OF TITLE
Title proper/short title I survived the bombing of Pearl Harbor, 1941
250 ## - EDITION STATEMENT
Edition statement First printing, September 2011
260 ## - PUBLICATION, DISTRIBUTION, ETC.
Place of publication, distribution, etc. New York :
Name of publisher, distributor, etc. Scholastic,
Date of publication, distribution, etc. 2011
300 ## - PHYSICAL DESCRIPTION
Extent 86 pages :
Other physical details illustrations ;
Dimensions 19 cm
490 1# - SERIES STATEMENT
Series statement I survived
505 ## - FORMATTED CONTENTS NOTE
Formatted contents note P <br/>
520 ## - SUMMARY, ETC.
Summary, etc. Sand flew up into Danny's eyes. And then from behind him, a huge explosion seemed to shatter the world. The force lifted Danny off his feet and threw him onto the ground. And then Danny couldn't hear anything at all.
521 1# - TARGET AUDIENCE NOTE
Target audience note 620 <br/>
Source Lexile<br/>
521 0# - TARGET AUDIENCE NOTE
Target audience note P <br/>
Source Raz-Plus<br/>
650 #0 - SUBJECT ADDED ENTRY--TOPICAL TERM
Topical term or geographic name entry element Pearl Harbor (Hawaii), Attack on, 1941
Form subdivision Juvenile fiction.
650 #0 - SUBJECT ADDED ENTRY--TOPICAL TERM
Topical term or geographic name entry element World War, 1939-1945
Geographic subdivision Pacific Area
Form subdivision Juvenile fiction.
655 #7 - INDEX TERM--GENRE/FORM
Genre/form data or focus term Historical fiction.
Source of term gsafd
700 1# - ADDED ENTRY--PERSONAL NAME
Personal name Dawson, Scott
Relator term illustrator
906 ## - LOCAL DATA ELEMENT F, LDF (RLIN)
a 7
b cbc
c copycat
d 2
e ncip
f 20
g y-gencatlg
942 ## - ADDED ENTRY ELEMENTS (KOHA)
Source of classification or shelving scheme Dewey Decimal Classification
Koha item type Books
Suppress in OPAC No
999 ## -
-- 2563
-- 2563
Holdings
Withdrawn status Lost status Source of classification or shelving scheme Damaged status Not for loan Collection Home library Current library Shelving location Date acquired Total Checkouts Full call number Barcode Date last seen Date last checked out Copy number Price effective from Koha item type
    Dewey Decimal Classification     Fiction Footprints International School Library Network Toul Kork Campus Footprints International School Library Network Toul Kork Campus   12/15/2023 3 TAR 813.6PZ7.T211115 FIS05522 03/05/2024 02/27/2024 1 12/15/2023 Books
    Dewey Decimal Classification     Fiction Footprints International School Library Network Toul Kork Campus Footprints International School Library Network Toul Kork Campus   01/08/2024 2 TAR 813.6PZ7.T211115 FISSE00519 03/21/2024 03/04/2024 2 12/15/2023 Books
    Dewey Decimal Classification     Fiction Footprints International School Library Network Toul Kork Campus Footprints International School Library Network Toul Kork Campus TK Primary Library Room(4th Floor), Bookcase 3&4, Shelves 17-32, Yellow Books 02/07/2024 2 TAR 813.6PZ7.T211115 FISTK04741 10/31/2025 10/17/2025 3 02/07/2024 Books